It looks like you're offline.
Open Library logo
additional options menu

MARC record from Internet Archive

LEADER: 01485cam 2200397Ia 4500
001 1119582
005 20130404093326.0
008 851010s1960 dcua b f000 0 eng d
010 $aagr60000184
016 7 $aCAT31119582$2DNAL
035 $a(OCoLC)ocm12653692
035 $a1119582
040 $aXQM$beng$cXQM$dWIH$dOCLCQ$dAGL
029 1 $aAU@$b000028072221
070 0 $aA31.3$bR31A no. 22-55 1960
086 0 $aA 77.15:22/55
049 $aAGLL
245 00 $aRadioactive fallout in time of emergency :$beffects upon agriculture.
260 $a[Washington, D.C.] :$bAgricultural Research Service, U.S. Dept. of Agriculture,$c1960.
300 $a43 p. :$bill. ;$c26 cm.
490 1 $aARS ;$v22-55
500 $aCover title.
500 $a"April 1960."
500 $a"ARS special report."
504 $a"Publications and films": p. 43.
650 0 $aRadioactive fallout.
650 0 $aRadiation$xPhysiological effect.
650 0 $aAgriculture.
650 0 $aRadioactivity$xSafety measures.
710 1 $aUnited States.$bAgricultural Research Service.
776 08 $iOnline version:$tRadioactive fallout in time of emergency.$d[Washington, D.C.] : Agricultural Research Service, United States Department of Agriculture, 1960$w(OCoLC)742520396
830 0 $aARS (Series) (United States. Agricultural Research Service) ;$v22-55.
930 $a20130402$b20130404$c00000000
945 $aDigiMet
946 $aUSDA
958 $aresource$be$c2013/04/02$dn$ejondusko$f$hrecon